[Event "5. Fair-Open 2005"]
[Site "Jena"]
[Date "2005.10.18"]
[Round "1.1"]
[White "Bojkov, Dejan"]
[Black "Reichelt, Holger"]
[Result "1-0"]
[WhiteElo "2516"]
[BlackElo "1963"]
[PlyCount "97"]
[EventDate "2005.??.??"]

1. e4 d5 2. exd5 Qxd5 3. Nc3 Qd6 4. d4 Nf6 5. Nf3 a6 6. Bd3 Bg4 7. Ne4 Nxe4 8.
Bxe4 Nc6 9. c3 e6 10. O-O Be7 11. Qb3 Bxf3 12. Bxf3 Rb8 13. g3 O-O 14. Bf4 Qd7
15. Rad1 Na5 16. Qc2 Bd6 17. Bc1 Nc4 18. b3 Nb6 19. c4 Be7 20. Rfe1 Bf6 21. a4
c6 22. a5 Na8 23. d5 cxd5 24. cxd5 Rbc8 25. dxe6 Qxe6 26. Qd3 Rcd8 27. Rxe6
Rxd3 28. Rxd3 fxe6 29. Bxb7 Nc7 30. Rd7 Rf7 31. Rxf7 Kxf7 32. Bd2 Ke7 33. Kf1
Kd7 34. Ke2 Nb5 35. Kd3 Nc7 36. Be3 Be7 37. Kc4 Bd6 38. Bb6 h5 39. h4 Be7 40.
Bf3 Nb5 41. Bxh5 Nd6+ 42. Kd3 g5 43. hxg5 Bxg5 44. Be2 Kc6 45. Kc2 Kb7 46. Bf3+
Kc8 47. Kd3 Bf6 48. Bc6 Bg7 49. f4 1-0

[Event "5. Fair-Open 2005"]
[Site "Jena"]
[Date "2005.10.18"]
[Round "1.2"]
[White "Hillmann, Ralf"]
[Black "Mikhaletz, Lubomir"]
[Result "0-1"]
[WhiteElo "1951"]
[BlackElo "2468"]
[PlyCount "92"]
[EventDate "2005.??.??"]

1. d4 d6 2. Nf3 Bg4 3. e4 Nf6 4. Bd3 Nc6 5. c3 e6 6. Be3 Bh5 7. h3 Be7 8. Nbd2
d5 9. e5 Nd7 10. Qc2 Bg6 11. O-O a6 12. a4 a5 13. Ne1 O-O 14. f4 Qe8 15. f5
exf5 16. Bxf5 Nd8 17. Nef3 Ne6 18. g4 c6 19. Qd3 b6 20. Qe2 Rb8 21. Nb3 Bd8 22.
h4 h5 23. Qg2 hxg4 24. Qxg4 Bxf5 25. Qxf5 f6 26. Qg4 f5 27. Qh3 Qh5 28. Kh2 Rf7
29. Rg1 Ndf8 30. Bg5 Ng6 31. Bxd8 Rxd8 32. Ng5 Nef4 33. Qg3 Nxh4 34. Qxf4 Ng6+
35. Kg3 Nxf4 36. Kxf4 Qh2+ 37. Rg3 Qf2+ 38. Nf3 Qxb2 39. Rh1 Qxb3 40. Rgh3 Kf8
41. e6 Rf6 42. Ng5 Qc2 43. Nh7+ Ke7 44. Nxf6 Kxf6 45. Re3 Qf2+ 46. Rf3 g5# 0-1

[Event "5. Fair-Open 2005"]
[Site "Jena"]
[Date "2005.10.18"]
[Round "1.3"]
[White "Cioara, Andrei Nestor"]
[Black "Loose, Helmut"]
[Result "1-0"]
[WhiteElo "2436"]
[BlackElo "1893"]
[PlyCount "67"]
[EventDate "2005.??.??"]

1. e4 c5 2. Nf3 d6 3. d4 cxd4 4. Nxd4 Nf6 5. Nc3 a6 6. Be3 e5 7. Nb3 Be7 8. f3
Be6 9. Qd2 O-O 10. O-O-O Qc7 11. Kb1 Nc6 12. Nd5 Bxd5 13. exd5 Nd8 14. g4 b6
15. g5 Nd7 16. f4 exf4 17. Bxf4 Nb7 18. Nd4 Ne5 19. Bg2 Rac8 20. Nc6 Ng6 21.
Bg3 Na5 22. h4 Nxc6 23. dxc6 Ne5 24. Rhe1 Rcd8 25. Qd5 b5 26. Bf4 Ng6 27. Bd2
Ne5 28. h5 Qc8 29. h6 gxh6 30. gxh6 Kh8 31. Rxe5 dxe5 32. Qxe5+ f6 33. Qxe7 Qg4
34. Bf3 1-0

[Event "5. Fair-Open 2005"]
[Site "Jena"]
[Date "2005.10.18"]
[Round "1.4"]
[White "Wolf, Isaak"]
[Black "Ksieski, Zbigniew"]
[Result "0-1"]
[WhiteElo "1875"]
[BlackElo "2395"]
[PlyCount "76"]
[EventDate "2005.??.??"]

1. e4 c5 2. Nf3 a6 3. d4 cxd4 4. Nxd4 Nf6 5. Nc3 e5 6. Nf3 Bb4 7. Bd3 d5 8. Nd2
Bg4 9. f3 Be6 10. exd5 Nxd5 11. Nxd5 Bxd5 12. c3 Be7 13. Be4 O-O 14. Qc2 h6 15.
O-O Nc6 16. Bxd5 Qxd5 17. Ne4 f5 18. Rd1 Qe6 19. Nd2 Bc5+ 20. Kh1 Rad8 21. Nb3
Rxd1+ 22. Qxd1 Rd8 23. Qe2 Qd5 24. Bd2 b5 25. Nxc5 Qxd2 26. Qxd2 Rxd2 27. Rb1
a5 28. h3 Kf7 29. a3 Rc2 30. Kg1 h5 31. Re1 a4 32. Nd3 Kf6 33. Rb1 Na5 34. Kf1
Nc4 35. Re1 Rd2 36. Nb4 Rxb2 37. Nd5+ Kg5 38. g3 Nd2+ 0-1

[Event "5. Fair-Open 2005"]
[Site "Jena"]
[Date "2005.10.18"]
[Round "1.5"]
[White "Krämer, Martin"]
[Black "Kaschuba, Jürgen"]
[Result "1-0"]
[WhiteElo "2389"]
[BlackElo "1787"]
[PlyCount "113"]
[EventDate "2005.??.??"]

1. e4 c6 2. d4 d5 3. exd5 cxd5 4. c4 dxc4 5. Bxc4 e6 6. Nf3 Nc6 7. Nc3 Be7 8.
O-O Nf6 9. Bg5 O-O 10. Re1 a6 11. Rc1 Re8 12. Bb3 Nd7 13. Bxe7 Nxe7 14. Ne4 Nf8
15. Ne5 Nfg6 16. Qf3 Nxe5 17. dxe5 Nf5 18. Red1 Qe7 19. Nd6 Rd8 20. Qf4 b5 21.
Nxf7 Rxd1+ 22. Rxd1 Bd7 23. Ng5 Kh8 24. Qd2 h6 25. Qxd7 Qxg5 26. Qxe6 Nh4 27.
Qh3 Rf8 28. Qg3 Qe7 29. e6 Rf5 30. Qb8+ Rf8 31. Qd6 Qf6 32. Qg3 Nf5 33. Qf4 g5
34. Qf3 Qg7 35. Qc3 Re8 36. Qxg7+ Kxg7 37. g3 Kf6 38. Rd7 Re7 39. Rd8 a5 40.
Rf8+ Ke5 41. f4+ gxf4 42. gxf4+ Kxf4 43. Bc2 Rxe6 44. Rxf5+ Ke3 45. Rxb5 Rc6
46. Bb3 Rg6+ 47. Kf1 Rf6+ 48. Ke1 Rg6 49. Re5+ Kd4 50. Rxa5 Ke3 51. Re5+ Kd4
52. Re2 Rc6 53. Re6 Rc1+ 54. Kd2 Rg1 55. Rd6+ Kc5 56. Rxh6 Rg2+ 57. Kc3 1-0

[Event "5. Fair-Open 2005"]
[Site "Jena"]
[Date "2005.10.18"]
[Round "1.6"]
[White "Kretzschmar, Bernd"]
[Black "Sobolevski, Leonid"]
[Result "0-1"]
[WhiteElo "1883"]
[BlackElo "2358"]
[PlyCount "112"]
[EventDate "2005.??.??"]

1. e4 c5 2. Nf3 Nc6 3. d3 h6 4. g3 g5 5. Bg2 Bg7 6. O-O d6 7. Nbd2 g4 8. Nh4
Bf6 9. Nf5 e6 10. Ne3 h5 11. f4 Bd7 12. Ndc4 Qc7 13. a4 O-O-O 14. Bd2 Kb8 15.
c3 Bc8 16. Rb1 Nge7 17. Na3 d5 18. Nb5 Qb6 19. e5 Bg7 20. Nd6 Rhf8 21. c4 Nb4
22. a5 Qc6 23. Bxb4 cxb4 24. d4 Rxd6 25. exd6 Qxd6 26. c5 Qa6 27. Qd2 Nc6 28.
Nc2 Qc4 29. Rfd1 b3 30. Ne3 Bxd4 31. Kh1 Qxc5 32. Rbc1 Bxe3 33. Rxc5 Bxd2 34.
Rxd2 Kc7 35. Rd3 Kd6 36. Rb5 a6 37. Rb6 Ke7 38. Rdxb3 Nxa5 39. Rc3 Nc4 40. Rb4
Na5 41. Re3 Kd6 42. Rc3 b5 43. Rd4 Nc6 44. Rd1 Bd7 45. f5 Rg8 46. Ra1 a5 47.
Rd1 Rg5 48. fxe6 fxe6 49. h3 b4 50. Re3 gxh3 51. Bxh3 Ne5 52. Kh2 Nc4 53. Re2
b3 54. Rf2 Re5 55. Bf1 Ne3 56. Ra1 Ng4+ 0-1

[Event "5. Fair-Open 2005"]
[Site "Jena"]
[Date "2005.10.18"]
[Round "1.7"]
[White "Struk, Jerzy"]
[Black "Schönfeld, Volker"]
[Result "1-0"]
[WhiteElo "2254"]
[BlackElo "1883"]
[PlyCount "106"]
[EventDate "2005.??.??"]

1. e4 e5 2. Nf3 Nc6 3. Bb5 a6 4. Ba4 Nf6 5. O-O Nxe4 6. d4 exd4 7. Re1 d5 8.
Nxd4 Bd6 9. Qf3 Bd7 10. Nxc6 bxc6 11. Nd2 O-O 12. Nxe4 dxe4 13. Rxe4 c5 14.
Bxd7 Qxd7 15. Be3 Rab8 16. b3 Qc6 17. Ra4 Qxf3 18. gxf3 Rb6 19. Rd1 Ra8 20. Rd5
Rb4 21. Bxc5 Rxa4 22. bxa4 Bxc5 23. Rxc5 Ra7 24. Kf1 Kf8 25. Ke2 Ke7 26. Kd3
Kd6 27. Rh5 h6 28. Kc4 c6 29. Ra5 Ra8 30. Rf5 Ra7 31. Kb4 f6 32. Kc4 Rb7 33.
Ra5 Rb2 34. Kc3 Rb6 35. Rf5 Rb1 36. Ra5 Rb6 37. h4 g6 38. f4 Ke6 39. a3 Kd6 40.
h5 g5 41. fxg5 fxg5 42. Rf5 Ke6 43. Rf8 Ke5 44. Kc4 g4 45. Kc5 Rb2 46. c4 Rb3
47. Kxc6 Rh3 48. c5 Rxh5 49. Kd7 Ke4 50. c6 Rd5+ 51. Ke6 Re5+ 52. Kd6 Rd5+ 53.
Kc7 Rd2 1-0

[Event "5. Fair-Open 2005"]
[Site "Jena"]
[Date "2005.10.18"]
[Round "1.8"]
[White "Ludwig, David"]
[Black "Puschendorf, Steffen"]
[Result "0-1"]
[WhiteElo "1611"]
[BlackElo "2163"]
[PlyCount "54"]
[EventDate "2005.??.??"]

1. d4 Nf6 2. Bf4 c5 3. e3 Qb6 4. b3 cxd4 5. Qxd4 Nc6 6. Qxb6 axb6 7. Nf3 e6 8.
Bd3 Nd5 9. c3 Be7 10. Bg3 f5 11. O-O Bf6 12. Nd4 Nxd4 13. exd4 f4 14. a4 fxg3
15. fxg3 d6 16. Ra2 Bd7 17. Re2 O-O 18. Kh1 Rac8 19. Bc4 Bxd4 20. Rfe1 Nxc3 21.
Bxe6+ Bxe6 22. Rxe6 Nxb1 23. Rxb1 Be5 24. Re7 Rf7 25. Rxf7 Kxf7 26. Kg1 Rc2 27.
Rd1 Ke6 0-1

[Event "5. Fair-Open 2005"]
[Site "Jena"]
[Date "2005.10.18"]
[Round "2.1"]
[White "Kwossek, Georg"]
[Black "Bojkov, Dejan"]
[Result "1/2-1/2"]
[WhiteElo "2110"]
[BlackElo "2516"]
[PlyCount "120"]
[EventDate "2005.??.??"]

1. d4 Nf6 2. Nf3 g6 3. g3 Bg7 4. Bg2 O-O 5. O-O d6 6. c4 c6 7. Nc3 Qa5 8. e4 e5
9. dxe5 dxe5 10. Qc2 Nbd7 11. a3 Re8 12. b4 Qc7 13. Bb2 Nf8 14. h3 Ne6 15. Rad1
Nh5 16. c5 h6 17. Rd2 Ng5 18. h4 Ne6 19. Rfd1 Nf8 20. Rd6 Bg4 21. R1d2 Rad8 22.
Nh2 Bc8 23. Qd1 Ne6 24. Ne2 b6 25. Nf3 f6 26. Bh3 Rxd6 27. cxd6 Qd7 28. Qb3 Qf7
29. Qc4 Bd7 30. Qa6 Nf8 31. Bg2 Be6 32. Qa4 Rc8 33. d7 Nxd7 34. Qxa7 Bf8 35.
Nc3 b5 36. Nh2 Qe8 37. Qe3 Rb8 38. f4 Nb6 39. Bf1 exf4 40. gxf4 Nc4 41. Bxc4
Bxc4 42. Ng4 Rd8 43. f5 gxf5 44. Rxd8 Qxd8 45. exf5 Qd3 46. Qxd3 Bxd3 47. Nd1
Bxf5 48. Nxf6+ Nxf6 49. Bxf6 Kf7 50. Bd4 Be7 51. Bf2 Bf6 52. Kg2 h5 53. Bg3 Bc2
54. Ne3 Be4+ 55. Kf2 Bb2 56. Nf1 Bxa3 57. Nd2 Bd5 58. Bd6 Ke6 59. Bc5 Kf5 60.
Kg3 Bb2 {weitere Züge sind nicht rekonstruierbar} 1/2-1/2

[Event "5. Fair-Open 2005"]
[Site "Jena"]
[Date "2005.10.18"]
[Round "2.2"]
[White "Mikhaletz, Lubomir"]
[Black "Pichl, Michael"]
[Result "1-0"]
[WhiteElo "2468"]
[BlackElo "2110"]
[PlyCount "167"]
[EventDate "2005.??.??"]

1. e4 c5 2. Nf3 g6 3. d4 cxd4 4. Nxd4 Bg7 5. Nc3 Nc6 6. Be3 Nf6 7. Bc4 O-O 8.
Bb3 a5 9. a4 Ng4 10. Nxc6 Nxe3 11. Nxd8 Nxd1 12. Rxd1 Rxd8 13. Nd5 e6 14. Nb6
Ra6 15. Nxc8 Rxc8 16. Rxd7 Rb6 17. Ke2 Bxb2 18. Rhd1 Rb4 19. Rd8+ Rxd8 20.
Rxd8+ Kg7 21. Kd3 Kf6 22. Rd7 g5 23. g3 g4 24. Bc4 Rxa4 25. Rxb7 Be5 26. Ra7
Ra1 27. Bb5 Ra3+ 28. Ke2 Rf3 29. Rd7 Rc3 30. Bd3 a4 31. Ra7 a3 32. Kd2 Bd4 33.
Ra5 e5 34. Ra6+ Kg5 35. Ke2 h5 36. Kf1 f6 37. Kg2 Kg6 38. f3 Kg5 39. Ra5 Bc5
40. h4+ Kg6 41. fxg4 hxg4 42. Kf1 Bd4 43. Ke2 Kh6 44. Ra6 Kh5 45. Kd2 Kg6 46.
Ra8 Kh6 47. Kc1 Kg7 48. Ra6 Kg6 49. Ra8 Kg7 50. Ra6 Kg6 51. Kb1 Bf2 52. Ra8 Kg7
53. h5 Bxg3 54. Be2 Bf2 55. Bxg4 Bd4 56. Be6 Rg3 57. Bd5 Rh3 58. Ka2 Rxh5 59.
Rxa3 Kf8 60. c3 Bc5 61. Ra6 Rh2+ 62. Kb3 Rf2 63. Kc4 Be7 64. Ra8+ Kg7 65. Rg8+
Kh6 66. Be6 Rd2 67. Bf5 Rd6 68. Rg6+ Kh5 69. Rg7 Bd8 70. Kc5 Ra6 71. c4 Ra1 72.
Kc6 Ra6+ 73. Kb5 Ra1 74. c5 Ra5+ 75. Kc6 Ra6+ 76. Kb7 Ra1 77. c6 Rb1+ 78. Kc8
Ba5 79. Ra7 Bc3 80. Kd7 Rd1+ 81. Ke6 Bb4 82. c7 Rd6+ 83. Kf7 Rc6 84. c8=Q 1-0

[Event "5. Fair-Open 2005"]
[Site "Jena"]
[Date "2005.10.18"]
[Round "2.3"]
[White "Koch, Herbert"]
[Black "Cioara, Andrei Nestor"]
[Result "0-1"]
[WhiteElo "2060"]
[BlackElo "2436"]
[PlyCount "68"]
[EventDate "2005.??.??"]

1. d4 e6 2. e4 d5 3. e5 c5 4. c3 Nc6 5. Nf3 Bd7 6. Be2 Nge7 7. O-O Ng6 8. Be3
cxd4 9. cxd4 Be7 10. Nc3 O-O 11. Rc1 f6 12. Bd3 Be8 13. exf6 Bxf6 14. Qd2 Nge7
15. Ng5 Bxg5 16. Bxg5 h6 17. Bxe7 Qxe7 18. Bb1 Qf6 19. Ne2 Bh5 20. f3 Bg6 21.
Bxg6 Qxg6 22. b4 a6 23. a4 Rf7 24. b5 axb5 25. axb5 Na5 26. b6 Nc4 27. Qb4 Ne3
28. Rf2 Rxf3 29. Ng3 Rxf2 30. Kxf2 Ra2+ 31. Kg1 Rxg2+ 32. Kh1 Rxg3 33. Qb1 Qxb1
34. Rxb1 Rg4 0-1

[Event "5. Fair-Open 2005"]
[Site "Jena"]
[Date "2005.10.18"]
[Round "2.4"]
[White "Ksieski, Zbigniew"]
[Black "Schober, Manfred"]
[Result "1-0"]
[WhiteElo "2395"]
[BlackElo "2050"]
[PlyCount "61"]
[EventDate "2005.??.??"]

1. d4 d5 2. c4 dxc4 3. Nf3 Nf6 4. e3 Bg4 5. Bxc4 e6 6. Nbd2 Nc6 7. h3 Bh5 8.
Qa4 Bd6 9. Bb5 O-O 10. Bxc6 bxc6 11. Qxc6 Nd5 12. a3 Rb8 13. O-O Rb6 14. Qa4 f5
15. Ne5 Qh4 16. Ndf3 Bxf3 17. Nxf3 Qf6 18. Qc2 g5 19. e4 fxe4 20. Qxe4 Bf4 21.
b4 h5 22. Ne5 Nc3 23. Qe1 Nb5 24. Nd7 Qg6 25. Nxf8 Kxf8 26. Bxf4 gxf4 27. Qe5
Qf7 28. Rfe1 Nc3 29. Qh8+ Ke7 30. Re5 f3 31. Rxh5 1-0

[Event "5. Fair-Open 2005"]
[Site "Jena"]
[Date "2005.10.18"]
[Round "2.5"]
[White "Hoffmann, Steffen"]
[Black "Krämer, Martin"]
[Result "0-1"]
[WhiteElo "2049"]
[BlackElo "2389"]
[PlyCount "66"]
[EventDate "2005.??.??"]

1. e4 c5 2. Nf3 Nc6 3. d4 cxd4 4. Nxd4 Nf6 5. Nc3 d6 6. g3 g6 7. Bg2 Nxd4 8.
Qxd4 Bg7 9. O-O O-O 10. Qd2 Be6 11. e5 Ne8 12. Bxb7 Rb8 13. Bg2 Bxe5 14. Qe3
Qb6 15. Nd5 Bxd5 16. Bxd5 Qxe3 17. Bxe3 Rxb2 18. Bb3 a6 19. Rad1 Nc7 20. f4 Bf6
21. g4 Nb5 22. g5 Bg7 23. f5 gxf5 24. Rxf5 e6 25. Rf2 d5 26. c4 Nc3 27. Rdf1
Rxf2 28. Bxf2 d4 29. Bg3 a5 30. Bd6 Rc8 31. c5 Ne4 32. Be7 d3 33. Re1 Bd4+ 0-1

[Event "5. Fair-Open 2005"]
[Site "Jena"]
[Date "2005.10.18"]
[Round "2.6"]
[White "Sobolevski, Leonid"]
[Black "Kottwitz, Daniel"]
[Result "1-0"]
[WhiteElo "2358"]
[BlackElo "2041"]
[PlyCount "81"]
[EventDate "2005.??.??"]

1. e4 e6 2. d4 d5 3. Nc3 dxe4 4. Nxe4 Nd7 5. Nf3 Ngf6 6. Bd3 Nxe4 7. Bxe4 Nf6
8. Bg5 Be7 9. Bxf6 Bxf6 10. Qd3 Qd6 11. O-O-O g6 12. Qe3 Bd7 13. Ne5 Bc6 14.
Bxc6+ bxc6 15. Qc3 c5 16. f4 Bxe5 17. fxe5 Qd5 18. Qxc5 Qxc5 19. dxc5 Ke7 20.
Rd4 Rhd8 21. Rhd1 Rxd4 22. Rxd4 a5 23. a4 Ra6 24. c3 f6 25. exf6+ Kxf6 26. Rd7
Rc6 27. b4 h5 28. Kd2 e5 29. Kd3 Kf5 30. Re7 h4 31. Kc4 g5 32. Kd5 Rf6 33. Rxc7
e4 34. Rd7 Rf8 35. c6 Re8 36. c7 e3 37. Rf7+ Kg4 38. Rf1 h3 39. gxh3+ Kxh3 40.
Re1 Kxh2 41. Rxe3 1-0

[Event "5. Fair-Open 2005"]
[Site "Jena"]
[Date "2005.10.18"]
[Round "2.7"]
[White "Mikolajewski, Armin"]
[Black "Struk, Jerzy"]
[Result "1/2-1/2"]
[WhiteElo "2041"]
[BlackElo "2254"]
[PlyCount "67"]
[EventDate "2005.??.??"]

1. d4 Nf6 2. c4 e6 3. Nf3 d5 4. Nc3 Be7 5. e3 O-O 6. Qc2 a6 7. cxd5 exd5 8. Bd3
Nbd7 9. O-O Bd6 10. Re1 Re8 11. Bd2 Nf8 12. h3 c6 13. Rac1 Ng6 14. Ng5 Bc7 15.
f4 Qd6 16. Rf1 b6 17. Ne2 c5 18. b3 Bb7 19. Ng3 Nd7 20. Bf5 Rac8 21. dxc5 bxc5
22. h4 h6 23. Nf3 d4 24. h5 Ngf8 25. e4 Bb6 26. e5 Qe7 27. Bd3 c4 28. bxc4 Qa3
29. Nf5 Nc5 30. Ne1 Rcd8 31. Nd6 Rxd6 32. exd6 Nfd7 33. Rb1 Nxd3 34. Nxd3
1/2-1/2

[Event "5. Fair-Open 2005"]
[Site "Jena"]
[Date "2005.10.18"]
[Round "2.8"]
[White "Puschendorf, Steffen"]
[Black "Werner, Daniel"]
[Result "1/2-1/2"]
[WhiteElo "2163"]
[BlackElo "2032"]
[PlyCount "105"]
[EventDate "2005.??.??"]

1. d4 d5 2. Nf3 Nf6 3. g3 Bg4 4. Ne5 Bh5 5. Bg2 e6 6. O-O Nbd7 7. b3 c5 8. Bb2
cxd4 9. Nxd7 Qxd7 10. Bxd4 Be7 11. f3 O-O 12. Nd2 b6 13. Qc1 Rac8 14. Qb2 Bc5
15. Bxc5 Rxc5 16. c4 Rd8 17. Rfd1 Qc8 18. Rac1 dxc4 19. Nxc4 Rxd1+ 20. Rxd1 Rd5
21. Rxd5 Nxd5 22. Qd4 Qc7 23. Kf2 f6 24. f4 Bf7 25. a4 Qe7 26. e4 Nb4 27. Bf1
Nc6 28. Qd6 Be8 29. Qxe7 Nxe7 30. Nd6 Bd7 31. Ke3 Kf8 32. Bc4 Nc8 33. Nxc8 Bxc8
34. e5 Ke7 35. Kd4 Bb7 36. b4 Bc6 37. a5 Kd7 38. Bd3 h6 39. f5 Ke7 40. h4 exf5
41. Bxf5 fxe5+ 42. Kxe5 Bb7 43. axb6 axb6 44. Bd3 Bc6 45. Bc4 Bd7 46. Bd5 Bb5
47. Bf3 Bc4 48. Bd5 Bb5 49. Be4 Bc4 50. g4 Be6 51. Bf5 Bc4 52. g5 hxg5 53. hxg5
1/2-1/2

[Event "5. Fair-Open 2005"]
[Site "Jena"]
[Date "2005.10.19"]
[Round "3.1"]
[White "Krämer, Martin"]
[Black "Mikhaletz, Lubomir"]
[Result "0-1"]
[WhiteElo "2389"]
[BlackElo "2468"]
[PlyCount "116"]
[EventDate "2005.??.??"]

1. e4 c5 2. Nf3 d6 3. Bb5+ Bd7 4. Bxd7+ Nxd7 5. O-O Ne5 6. Nxe5 dxe5 7. d3 e6
8. Nd2 Ne7 9. Nc4 Nc6 10. a4 Be7 11. Bd2 O-O 12. Bc3 Qc7 13. Qh5 f6 14. Qg4 Qd7
15. f4 exf4 16. Rxf4 Rad8 17. Raf1 e5 18. Rf5 Nd4 19. Bxd4 cxd4 20. b3 g6 21.
Qg3 Qe6 22. h4 Kh8 23. R5f3 Rg8 24. h5 gxh5 25. Qh2 Qg4 26. Rh3 Rg5 27. Kf2
Rdg8 28. Rg1 Rf8 29. Rh4 Qe6 30. Rxh5 Rxh5 31. Qxh5 f5 32. Ke2 fxe4 33. dxe4
Rf4 34. Rh1 Qg4+ 35. Qxg4 Rxg4 36. Rh5 Bf6 37. Nd2 Rxg2+ 38. Kd3 Rg3+ 39. Ke2
Re3+ 40. Kd1 Kg7 41. Nc4 Rxe4 42. Nd6 Rf4 43. Ne8+ Kg6 44. Nxf6 Rxf6 45. Rxe5
h5 46. Ke2 h4 47. Re4 Kg5 48. Rxd4 h3 49. Rd5+ Kg4 50. Rd7 Rh6 51. Rg7+ Kf4 52.
Rf7+ Ke4 53. Rf1 h2 54. Rh1 Kd4 55. Kd2 Rh3 56. c3+ Ke4 57. b4 Kf3 58. c4 Kg2
0-1

[Event "5. Fair-Open 2005"]
[Site "Jena"]
[Date "2005.10.19"]
[Round "3.2"]
[White "Cioara, Andrei Nestor"]
[Black "Sobolevski, Leonid"]
[Result "1-0"]
[WhiteElo "2436"]
[BlackElo "2358"]
[PlyCount "91"]
[EventDate "2005.??.??"]

1. e4 e5 2. Nf3 Nc6 3. d4 exd4 4. Nxd4 Qf6 5. Be3 Bc5 6. c3 Nge7 7. Bc4 b6 8.
O-O Bb7 9. f4 O-O 10. Qd2 Bxd4 11. cxd4 d5 12. e5 Qe6 13. Bd3 Nf5 14. Nc3 Ncxd4
15. Bf2 c5 16. Rae1 a6 17. Bxd4 Nxd4 18. f5 Qh6 19. Qxh6 gxh6 20. Rf4 Kh8 21.
Rh4 Rg8 22. Kf2 Rg5 23. Rxh6 Nxf5 24. Rxb6 Ra7 25. g3 Ne7 26. b3 Rg4 27. Rh6
Bc8 28. Rxh7+ Kg8 29. Rh5 Kg7 30. Rh7+ Kg8 31. Rh6 Be6 32. Na4 c4 33. bxc4 dxc4
34. Be4 Rc7 35. Nc3 Rc5 36. Rh5 f5 37. exf6 Rxh5 38. fxe7 Kf7 39. Bf3 Rxh2+ 40.
Kg1 Rh8 41. Bxg4 Bxg4 42. Nd5 Bd7 43. Rf1+ Kg7 44. Nc7 Rc8 45. Rd1 Ba4 46. Ne6+
1-0

[Event "5. Fair-Open 2005"]
[Site "Jena"]
[Date "2005.10.19"]
[Round "3.3"]
[White "Müller, Reinhold"]
[Black "Ksieski, Zbigniew"]
[Result "0-1"]
[WhiteElo "2132"]
[BlackElo "2395"]
[PlyCount "100"]
[EventDate "2005.??.??"]

1. d4 Nf6 2. c4 e6 3. Nf3 Bb4+ 4. Bd2 c5 5. g3 b6 6. Bg2 Bb7 7. Bxb4 cxb4 8.
O-O O-O 9. Nbd2 a5 10. a3 Na6 11. Re1 d6 12. e4 e5 13. Qc2 Qc7 14. Rac1 Rfe8
15. Nh4 Rac8 16. Qb1 g6 17. Qd3 Qe7 18. Nhf3 Qd8 19. Rcd1 exd4 20. Nxd4 Nc5 21.
Qb1 bxa3 22. bxa3 a4 23. Nb5 Bc6 24. Na7 Nfd7 25. Nxc8 Qxc8 26. Nf1 Qc7 27. f3
b5 28. Ne3 Rb8 29. cxb5 Bxb5 30. Qc2 Ne5 31. Rd4 Bd3 32. Qf2 Rb3 33. Nd5 Qa5
34. Nf6+ Kg7 35. Ne8+ Kg8 36. Nxd6 Rb2 37. Qe3 Qc3 38. Rb4 Rxb4 39. axb4 Nb3
40. Rd1 a3 41. Qa7 Be2 42. Qb8+ Kg7 43. Ne8+ Kh6 44. Qd6 Nxf3+ 45. Kf2 Bxd1 46.
Qf8+ Kg5 47. Qe7+ f6 48. h4+ Nxh4 49. gxh4+ Kf4 50. Nxf6 Qe3+ 0-1

[Event "5. Fair-Open 2005"]
[Site "Jena"]
[Date "2005.10.19"]
[Round "3.4"]
[White "Bojkov, Dejan"]
[Black "Mikolajewski, Armin"]
[Result "1-0"]
[WhiteElo "2516"]
[BlackElo "2041"]
[PlyCount "75"]
[EventDate "2005.??.??"]

1. e4 e5 2. Nf3 Nc6 3. Bc4 Nf6 4. d3 Be7 5. O-O d6 6. c3 O-O 7. Bb3 Na5 8. Bc2
c5 9. Nbd2 Nc6 10. Re1 Qc7 11. Nf1 b5 12. Bg5 Ne8 13. Bxe7 Qxe7 14. Ne3 Qd8 15.
d4 Nc7 16. Qd2 exd4 17. cxd4 Nb4 18. Bb3 a5 19. a3 Nc6 20. a4 cxd4 21. Nxd4
Nxd4 22. Qxd4 bxa4 23. Bxa4 Ne6 24. Qc3 Bb7 25. Nf5 Qb6 26. Bb3 Qc5 27. Qg3 Qe5
28. Nxd6 Qxg3 29. hxg3 Nc5 30. Bc4 Bc8 31. b4 Nb7 32. Bd5 Ra7 33. Nxc8 Rxc8 34.
Rec1 Nd6 35. e5 Rxc1+ 36. Rxc1 Ne8 37. Rc8 Kf8 38. Bc6 1-0

[Event "5. Fair-Open 2005"]
[Site "Jena"]
[Date "2005.10.19"]
[Round "3.5"]
[White "Struk, Jerzy"]
[Black "Puschendorf, Steffen"]
[Result "1/2-1/2"]
[WhiteElo "2254"]
[BlackElo "2163"]
[PlyCount "53"]
[EventDate "2005.??.??"]

1. e4 e6 2. d4 d5 3. Nc3 dxe4 4. Nxe4 Nd7 5. Nf3 Ngf6 6. Nxf6+ Nxf6 7. Bg5 h6
8. Bh4 c5 9. Ne5 a6 10. c3 cxd4 11. Qa4+ Bd7 12. Qxd4 Qc7 13. Bxf6 gxf6 14.
Nxd7 Qxd7 15. Qxf6 Rd8 16. Be2 Qd2+ 17. Kf1 Qxb2 18. Re1 Rg8 19. Bh5 Qb5+ 20.
Be2 Qd5 21. Bf3 Qg5 22. Qxg5 Rxg5 23. Bxb7 Ra5 24. a4 Ke7 25. Ke2 Bg7 26. Rd1
Rxa4 27. Ra1 1/2-1/2

[Event "5. Fair-Open 2005"]
[Site "Jena"]
[Date "2005.10.19"]
[Round "3.6"]
[White "Werner, Daniel"]
[Black "Kwossek, Georg"]
[Result "0-1"]
[WhiteElo "2032"]
[BlackElo "2110"]
[PlyCount "50"]
[EventDate "2005.??.??"]

1. e4 d6 2. d4 Nf6 3. Nc3 Nbd7 4. Nf3 e5 5. dxe5 dxe5 6. Bg5 Be7 7. Bc4 O-O 8.
O-O c6 9. h3 b5 10. Bd3 Qc7 11. Qe2 Nc5 12. Rad1 Ne6 13. Bd2 Nh5 14. Nh2 Nhf4
15. Qf3 Nd4 16. Qg3 b4 17. Rfe1 bxc3 18. Bxc3 Rd8 19. Nf3 Nde2+ 20. Rxe2 Rxd3
21. Red2 Ne2+ 22. Rxe2 Rxd1+ 23. Kh2 f6 24. Bd2 Ba6 25. Bh6 Bc5 0-1

[Event "5. Fair-Open 2005"]
[Site "Jena"]
[Date "2005.10.19"]
[Round "3.8"]
[White "Wolf, Isaak"]
[Black "Koch, Herbert"]
[Result "1/2-1/2"]
[WhiteElo "1875"]
[BlackElo "2060"]
[PlyCount "55"]
[EventDate "2005.??.??"]

1. e4 e6 2. d4 d5 3. exd5 exd5 4. Nf3 Bd6 5. Nc3 c6 6. Bd3 Ne7 7. O-O O-O 8.
Re1 Bf5 9. Bxf5 Nxf5 10. Qd3 Qf6 11. Bg5 Qg6 12. Ne2 Nd7 13. Nf4 Bxf4 14. Bxf4
Rfe8 15. Rad1 f6 16. h3 Nf8 17. g4 Ne7 18. Bd6 Qxd3 19. Rxd3 Neg6 20. Rde3 Rxe3
21. Rxe3 Kf7 22. Rb3 b6 23. Rc3 Rc8 24. h4 Ne6 25. Kf1 Ke8 26. Re3 Kd7 27. Bg3
Re8 28. c3 1/2-1/2

[Event "5. Fair-Open 2005"]
[Site "Jena"]
[Date "2005.10.19"]
[Round "4.1"]
[White "Mikhaletz, Lubomir"]
[Black "Cioara, Andrei Nestor"]
[Result "1/2-1/2"]
[WhiteElo "2468"]
[BlackElo "2436"]
[PlyCount "128"]
[EventDate "2005.??.??"]

1. e4 e6 2. d4 d5 3. Nc3 Bb4 4. exd5 exd5 5. Bd3 Nc6 6. Nge2 Nf6 7. O-O O-O 8.
Bg5 Be7 9. a3 Bg4 10. f3 Bh5 11. Ng3 Bg6 12. f4 Bxd3 13. Qxd3 h6 14. Bh4 Nd7
15. Bxe7 Nxe7 16. f5 Nf6 17. Rae1 Re8 18. Re2 Nc6 19. Rfe1 Rxe2 20. Rxe2 Qd7
21. h3 Re8 22. Kf2 Rxe2+ 23. Ngxe2 h5 24. Kf3 h4 25. g4 hxg3 26. Nxg3 a6 27.
Nce2 Ne4 28. Nxe4 Qxf5+ 29. Nf4 dxe4+ 30. Qxe4 Qf6 31. Ke3 Ne7 32. Kd3 Nf5 33.
Qe5 Qxe5 34. dxe5 Kf8 35. Ke4 Ng3+ 36. Kf3 Nf5 37. c3 Ke7 38. Nd5+ Kd7 39. Ke4
Ne7 40. Nf4 Nc6 41. Kf5 Ne7+ 42. Kg5 Nc6 43. e6+ fxe6 44. Nh5 Ke7 45. Nxg7 Kf7
46. Nh5 Ne5 47. Nf4 Nf3+ 48. Kg4 Ne5+ 49. Kg3 Nc4 50. Nd3 Kf6 51. Kf4 c6 52. a4
e5+ 53. Ke4 Nd2+ 54. Ke3 Nc4+ 55. Kf2 b6 56. b3 Nd2 57. Nb4 Nxb3 58. Nxa6 Kf5
59. h4 Nd2 60. Ke3 Nc4+ 61. Ke2 Nb2 62. Nb4 Nxa4 63. Nxc6 Nxc3+ 64. Kd3 Nd5
1/2-1/2

[Event "5. Fair-Open 2005"]
[Site "Jena"]
[Date "2005.10.19"]
[Round "4.2"]
[White "Ksieski, Zbigniew"]
[Black "Bojkov, Dejan"]
[Result "1/2-1/2"]
[WhiteElo "2395"]
[BlackElo "2516"]
[PlyCount "22"]
[EventDate "2005.??.??"]

1. d4 Nf6 2. c4 g6 3. Nc3 Bg7 4. e4 d6 5. Nf3 O-O 6. Be2 Na6 7. O-O e5 8. Re1
c6 9. Bf1 exd4 10. Nxd4 Re8 11. Nb3 Be6 1/2-1/2

[Event "5. Fair-Open 2005"]
[Site "Jena"]
[Date "2005.10.19"]
[Round "4.3"]
[White "Kwossek, Georg"]
[Black "Krämer, Martin"]
[Result "0-1"]
[WhiteElo "2110"]
[BlackElo "2389"]
[PlyCount "116"]
[EventDate "2005.??.??"]

1. d4 Nf6 2. Nf3 e6 3. g3 b5 4. a4 b4 5. Bg2 Bb7 6. O-O d5 7. c3 Nbd7 8. a5 Ba6
9. Bg5 Be7 10. Bxf6 Bxf6 11. Re1 O-O 12. e4 dxe4 13. Rxe4 Rb8 14. Qe1 bxc3 15.
bxc3 Rb2 16. Rxe6 fxe6 17. Qxe6+ Kh8 18. Qxa6 Qb8 19. Nbd2 c5 20. Qd3 cxd4 21.
cxd4 Qb4 22. Ne4 Rb3 23. Qc2 Rb8 24. Neg5 Nf8 25. Ne5 Rb1+ 26. Rxb1 Qxb1+ 27.
Qxb1 Rxb1+ 28. Bf1 Bxg5 29. Nf7+ Kg8 30. Nxg5 Rd1 31. d5 Nd7 32. Ne4 Nf6 33.
Nxf6+ gxf6 34. Kg2 Rd4 35. Kf3 Kg7 36. a6 Rxd5 37. h4 h6 38. Bc4 Ra5 39. Be2
Kf7 40. Kf4 Ra4+ 41. Ke3 Ke6 42. Bb5 Rb4 43. Be2 Kd5 44. Bd3 Rb3 45. g4 Ra3 46.
f4 Ra1 47. h5 Ra3 48. g5 fxg5 49. fxg5 hxg5 50. h6 Ra4 51. h7 Rh4 52. Kf3 Ke5
53. Kg3 Kf6 54. Kg2 Kg7 55. Bf5 Ra4 56. Kg3 Rxa6 57. Kg4 Rb6 58. Kxg5 a5 0-1